Visualizzazione normale
Vista MARC
- Green
di Personal Name
Records bibliografici associati: 1
001 - CONTROL NUMBER
- control field: 20180
003 - CONTROL NUMBER IDENTIFIER
- control field: IT-RoPau
005 - DATE AND TIME OF LATEST TRANSACTION
- control field: 20140410223250.0
008 - FIXED-LENGTH DATA ELEMENTS
- fixed length control field: 140410|| aca||aabn | a|a d
040 ## - CATALOGING SOURCE
- Original cataloging agency: IT-RoPau
- Transcribing agency: IT-RoPau
100 ## - HEADING--PERSONAL NAME
- Personal name: Green
- Miscellaneous information: Codice autore musica SPICS: 28242
- Relator term: Autore musica
- Name of part/section of a work: Perfect Way
670 ## - SOURCE DATA FOUND
- Source citation: Work cat.: (IT-RoPau)99794: AA.VV. 794, Tutu